Top Selling Christmas Gifts By Year Quiz Stats

 Plays Quiz not verified by Sporcle

Challenge
Share
Tweet
Embed
Score 0/35 Timer 07:00
0 Plays Today
Year Toy % Correct
1989Gameboy
47.7%
1996Tickle Me Elmo
43.9%
2006Playstation 3
43.6%
2005Xbox 360
36%
2009Nook eReader
35.4%
2007iTouch
29.7%
1998Furbies
27.2%
1983Cabbage Patch Kids
23.4%
1995Beanie Babies
22.6%
1979Walkman
21.3%
1975Pet Rock
18.5%
1999Pokemon
17.7%
1997Tamagotchi
14.2%
1984Transformers
12.3%
2001Bratz Dolls
11.7%
1994Power Rangers
10.9%
1993Power Rangers
10.9%
1990Teenage Mutant Ninja Turtles
7.4%
Year Toy % Correct
1991Pogs
7.1%
1980Rubik's Cube
6.3%
1985Care Bears
5.7%
2003BeyBlades
4.9%
2002BeyBlades
4.9%
1987Jenga
4.6%
1992Barney Talking Doll
3.8%
1976Stretch Armstrong
3.8%
1981Smurfs
3.5%
2008Elmo Live
3%
2000Razor Scooters
3%
1978Hungry Hungry Hippos
3%
1977Slime
2.7%
1986Ghostbusters Action Figures
2.5%
2004RoboSapiens
1.9%
1982BMX Bikes
1.6%
1988Scattergories
1.4%

You're not logged in!

Compare scores with friends on all Sporcle quizzes.
Join for Free
OR
Log In

You Might Also Like...

Show Comments

Extras

Top Quizzes Today


Score Distribution

Your Account Isn't Verified!

In order to create a playlist on Sporcle, you need to verify the email address you used during registration. Go to your Sporcle Settings to finish the process.

Report this User

Report this user for behavior that violates our Community Guidelines.

Details: